Can you name all these fruits? EASY - Statistics

General Stats
  • This quiz has been taken 34 times
  • The average score is 11 of 16
Answer Stats
Picture Answer % Correct
Strawberry
96%
Kiwi
87%
Blackberry
83%
Apple
78%
Cherry
78%
Mango
78%
Banana
74%
Blueberry
74%
Pineapple
74%
Dragonfruit
61%
Passionfruit
61%
Raspberry
61%
Grapes
57%
Lychee
48%
Cranberry
26%
Mandarin
26%
No matching quizzes found
Score Distribution
Percent of People with Each Score
Percentile by Number Answered
Your Score History
You have not taken this quiz